| 000 | nam a22 a 4500 | ||
|---|---|---|---|
| 999 |
_c258 _d258 |
||
| 003 | AKMAL | ||
| 005 | 20170428091610.0 | ||
| 008 | 170428s1985 my | e | a000 0 may d | ||
| 020 | _a9679940055 (kkt.) | ||
| 082 | 0 | 4 |
_a959.5 SEJ _222 |
| 090 | 0 | 0 |
_a959.5 _bSEJ |
| 245 | 0 | 0 |
_aSejarah masyarakat Melayu moden / _ceditor Khoo Kay Kim |
| 250 | _aEd. baru | ||
| 260 |
_aKuala Lumpur : _bJabatan Penerbitan Universiti Malaya, _c1985 |
||
| 300 |
_a269ms. : _bil. ; _c23cm. |
||
| 650 | 1 | 0 |
_aMalays (Asian people) _zMalaysia _xHistory _9577 |
| 651 | 0 |
_aMalaysia _xHistory _9434 |
|
| 700 | 1 |
_aKhoo, Kay Kim, _cDato', _d1937- _9578 |
|
| 942 |
_2ddc _cBOOK |
||